Extrapolation, interpolation, and smoothing of stationary time series : (Record no. 51771)
[ view plain ]
| 000 -LEADER | |
|---|---|
| fixed length control field | 01251nam a2200301 a 4500 |
| 001 - CONTROL NUMBER | |
| control field | 51771 |
| 003 - CONTROL NUMBER IDENTIFIER | |
| rucl marc code | BD-RjUL |
| 005 - DATE AND TIME OF LATEST TRANSACTION | |
| control field | 20211209075718.0 |
| 008 - FIXED-LENGTH DATA ELEMENTS--GENERAL INFORMATION | |
| fixed length control field | 160903s1960 mau 001 0 engm |
| 035 ## - SYSTEM CONTROL NUMBER | |
| System control number | (BD-RjUL) 51891 |
| 040 ## - CATALOGING SOURCE | |
| Original cataloging agency | DLC |
| Transcribing agency | ANC |
| Modifying agency | SER |
| -- | RQB |
| -- | BD-RjUL |
| Language of cataloging | eng |
| 041 ## - LANGUAGE CODE | |
| Language code of text/sound track or separate title | eng |
| 082 ## - DEWEY DECIMAL CLASSIFICATION NUMBER | |
| Edition number | 23 |
| Classification number | 519.55 |
| Author mark and year | WIE 1960 |
| 099 ## - LOCAL FREE-TEXT CALL NUMBER (OCLC) | |
| Bangla Class number | QA276.W647 1949 |
| 100 1# - MAIN ENTRY--PERSONAL NAME | |
| Personal name | Wiener, Norbert, |
| Dates associated with a name | 1894-1964. |
| 9 (RLIN) | 154866 |
| 245 10 - TITLE STATEMENT | |
| Title | Extrapolation, interpolation, and smoothing of stationary time series : |
| Remainder of title | with engineering applications / |
| Statement of responsibility, etc. | Norbert Wiener |
| 260 ## - PUBLICATION, DISTRIBUTION, ETC. (IMPRINT) | |
| Place of publication, distribution, etc. | Cambridge : |
| Name of publisher, distributor, etc. | Technology Press of the Massachusetts Institute of Technology, |
| Date of publication, distribution, etc. | 1949 [Printing 1960] |
| 300 ## - PHYSICAL DESCRIPTION | |
| Pagination | ix, 163 p. ; |
| Size | 24 cm. |
| 490 1# - SERIES STATEMENT | |
| Series statement | Technology Press books in science and engineering |
| 500 ## - GENERAL NOTE | |
| General note | Includes index. |
| General note | "First published during the war as a classified report to Section D 2, National Defense Research Committee." |
| 650 #0 - SUBJECT ADDED ENTRY--TOPICAL TERM | |
| Topical term or geographic name as entry element | Time-series analysis. |
| 9 (RLIN) | 131067 |
| Topical term or geographic name as entry element | Mathematical statistics |
| 9 (RLIN) | 154867 |
| 830 #0 - SERIES ADDED ENTRY--UNIFORM TITLE | |
| Uniform title | Technology Press books in science and engineering. |
| 942 ## - ADDED ENTRY ELEMENTS (KOHA) | |
| Source of classification or shelving scheme | Dewey Decimal Classification |
| Koha item type | Books |
| 949 ## - LOCAL PROCESSING INFORMATION (OCLC) | |
| a | MYGW |
| b | 39080004908213 |
| -- | 39080004908205 |
| -- | 39080004908239 |
| a | MYGS |
| b | 39080004908197 |
| -- | 39080004908221 |
| Lost status | Source of classification or shelving scheme | Damaged status | Not for loan | Collection code | Permanent Location | Current Location | Shelving location | Date acquired | Source of acquisition | Total Checkouts | Full call number | Date last seen | Copy number | Koha item type | Cost, normal purchase price |
|---|---|---|---|---|---|---|---|---|---|---|---|---|---|---|---|
| Dewey Decimal Classification | Fiction | Central Library, University of Rajshahi | Central Library, University of Rajshahi | 26/03/1963 | Zeitlinger | 519.55 WIE 1960 | 03/09/2016 | C-2 | Books | ||||||
| Dewey Decimal Classification | Fiction | Central Library, University of Rajshahi | Central Library, University of Rajshahi | 22/03/1963 | European Prokasoni new Agency | 519.55 WIE 1960 | 03/09/2016 | C-3 | Books | 22.50 |